Statistics for Bruce Springsteen- Thunder Road Lyrics

Click here to take the quiz!

General Stats

  • This quiz has been taken 558 times
    (552 since last reset)
  • The average score is 320 of 416

Answer Stats

Lyrics% Correct
a
99%
I
98%
The
98%
the
98%
You
98%
you
98%
And
97%
and
97%
do
96%
when
96%
from
95%
Mary
95%
on
95%
win
95%
door
94%
dress
93%
for
93%
For
93%
in
93%
me
93%
screen
93%
that
93%
like
92%
Like
92%
We
92%
we
92%
hear
91%
hey
91%
Hey
91%
my
91%
porch
91%
radio
91%
she
91%
slams
91%
Your
91%
your
91%
be
90%
to
90%
To
90%
ain't
89%
can
89%
dances
89%
lonely
89%
plays
89%
vision
89%
across
88%
again
88%
back
88%
that's
88%
want
88%
waves
88%
as
87%
but
87%
But
87%
only
87%
you're
87%
I'm
86%
it
86%
just
86%
Mary's
86%
Don't
85%
know
85%
Oh-oh
85%
So
85%
what
85%
here
84%
Make
84%
make
84%
oh
84%
Oh
84%
road
84%
Road
84%
run
84%
beauty
83%
Roy
83%
Thunder
83%
again
82%
alright
82%
night
82%
singing
82%
take
82%
anymore
81%
can't
81%
young
81%
alone
80%
out
80%
turn
80%
inside
79%
myself
79%
of
79%
Orbison
79%
There
79%
there
79%
this
79%
With
79%
with
79%
face
77%
from
76%
From
76%
scared
76%
thinking
76%
got
74%
home
74%
little
74%
magic
74%
no
74%
Well
74%
we'll
74%
All
73%
all
73%
Darling
73%
faith
73%
maybe
73%
rain
73%
'neath
72%
there's
71%
wind
71%
down
70%
hand
70%
hide
69%
is
69%
Show
69%
these
69%
These
69%
open
68%
roses
68%
chance
67%
front
66%
hair
66%
how
66%
pain
66%
ride
66%
some
66%
street
66%
tonight
66%
guitar
65%
let
65%
lovers
65%
study
65%
throw
65%
beneath
64%
come
64%
covers
64%
free
64%
if
64%
long
64%
roll
64%
seat
64%
walk
64%
window
64%
crosses
63%
dirty
63%
hood
63%
It's
63%
it's
63%
understood
63%
blow
62%
else
62%
hero
62%
now?
62%
now
62%
one
62%
promised
62%
land
61%
last
61%
talk
61%
us
61%
wheels
61%
anywhere
60%
learned
60%
real
60%
rise
60%
vain
60%
offer
58%
saviour
58%
streets
58%
two
58%
car's
57%
Except
57%
praying
57%
ready
57%
trade
57%
We're
57%
were
57%
will
57%
wings
57%
busting
56%
climb
56%
Climb
56%
away
55%
girl
55%
night's
55%
summer
55%
door's
54%
promises'll
54%
Waste
54%
redemption
53%
They
52%
boys
51%
broken
51%
hold
51%
lanes
51%
tracks
51%
waiting
51%
killer
50%
somehow
50%
sun
49%
burned
48%
eyes
48%
ghosts
48%
losers
48%
sent
48%
town
48%
tight
47%
words
47%
at
46%
late
46%
full
45%
pulling
45%
riding
45%
sit
45%
case
44%
dusty
44%
good
44%
spoken
44%
Chevrolets
42%
gown
42%
graduation
42%
heaven's
42%
skeleton
42%
get
41%
beach
40%
feet
40%
name
40%
scream
40%
their
40%
haunt
39%
dawn
38%
Lying
38%
rags
38%
frames
37%
lies
37%
before
36%
engines
36%
gone
36%
roaring
34%
they're
33%
cool
31%

Score Distribution

Percentile by Number Answered

Percent of People with Each Score

Your Score History

You have not taken this quiz since the last reset